You are what you read and there's space on my shelves (Record no. 118101)
[ view plain ]
| 000 -LEADER | |
|---|---|
| fixed length control field | 01158cam a2200229 4500 |
| 001 - CONTROL NUMBER | |
| control field | ABS68197 |
| 008 - FIXED-LENGTH DATA ELEMENTS--GENERAL INFORMATION | |
| fixed length control field | 041001n2004 000 0 eng u |
| 035 ## - SYSTEM CONTROL NUMBER | |
| System control number | (Sirsi) u127595 |
| 100 ## - MAIN ENTRY--PERSONAL NAME | |
| Personal name | Lindsey, S. |
| 245 ## - TITLE STATEMENT | |
| Title | You are what you read and there's space on my shelves |
| 260 ## - PUBLICATION, DISTRIBUTION, ETC. | |
| Date of publication, distribution, etc. | 2004 |
| 490 ## - SERIES STATEMENT | |
| Series statement | Architects' Journal |
| Volume/sequential designation | 220(6) 12 August 2004, 40(1) |
| 520 ## - SUMMARY, ETC. | |
| Summary, etc. | Examines useful titles which could be kept in a practice, covering various aspects of contract law. Suggests "Emden's construction law" (ISBN 0406192987) as a source of standard forms used. Emphasises its coverage of adjudication and dispute resolution matters. "Architect's legal handbook" (ISBN 0750661305) covers practical topics for a practising architect. Highlights the lack of a good abbreviations dictionary for the construction industry and asks for suggestions to bridge this gap. |
| 590 ## - LOCAL NOTE (RLIN) | |
| Local note | ABS |
| 590 ## - LOCAL NOTE (RLIN) | |
| Local note | ABS |
| 650 ## - SUBJECT ADDED ENTRY--TOPICAL TERM | |
| Topical term or geographic name entry element | WEST FAULKNER ASSOCIATES V NEWHAM LBC |
| 650 ## - SUBJECT ADDED ENTRY--TOPICAL TERM | |
| Topical term or geographic name entry element | RUPERT MORGAN BUILDING SERVICES (LLC) LTD V JERVIS AND ANOTHER |
| 650 ## - SUBJECT ADDED ENTRY--TOPICAL TERM | |
| Topical term or geographic name entry element | CONTRACTUAL DISPUTES |
| 650 ## - SUBJECT ADDED ENTRY--TOPICAL TERM | |
| Topical term or geographic name entry element | ADJUDICATION |
| 690 ## - LOCAL SUBJECT ADDED ENTRY--TOPICAL TERM (OCLC, RLIN) | |
| Topical term or geographic name as entry element | BUILDING AND CONSTRUCTION-LAW |
| 942 ## - ADDED ENTRY ELEMENTS (KOHA) | |
| Suppress in OPAC | 0 |
| Withdrawn status | Lost status | Source of classification or shelving scheme | Damaged status | Not for loan | Home library | Current library | Shelving location | Date acquired | Total Checkouts | Full call number | Barcode | Date last seen | Copy number | Price effective from | Koha item type |
|---|---|---|---|---|---|---|---|---|---|---|---|---|---|---|---|
| Dewey Decimal Classification | London | London | Journal article | 01/10/2004 | ABS68197 | 127595-1001 | 06/08/2019 | 1 | 06/08/2019 | Journal article |